Protocols additional to the Geneva Conventions of 12 August 1949 (Record no. 16022)

000 -LEADER
fixed length control field 00416nam a22001217a 4500
082 ## - DEWEY DECIMAL CLASSIFICATION NUMBER
Classification number 341.65
Author Mark RPO 2010
245 ## - TITLE STATEMENT
Title Protocols additional to the Geneva Conventions of 12 August 1949
250 ## - EDITION STATEMENT
Edition statement revised edition
260 ## - PUBLICATION, DISTRIBUTION, ETC.
Name of publisher, distributor, etc. International Committee of the Red Cross
Date of publication, distribution, etc. 2010
300 ## - PHYSICAL DESCRIPTION
Extent 119
Other physical details 23
500 ## - GENERAL NOTE
General note General provisions Wounded, Sick and Shipwrecked Medical Transportation Civilian Population
942 ## - ADDED ENTRY ELEMENTS (KOHA)
Koha item type Book
Holdings
Withdrawn status Lost status Damaged status Not for loan Collection code Permanent Location Current Location Shelving location Date acquired Total Checkouts Full call number Barcode Date last seen Price effective from Koha item type
          Centre for International Peace & Stability (CIPS) Centre for International Peace & Stability (CIPS) General Stacks 01/06/2014   341.65 RPO 2010 CIPSD0000032 01/30/2014 01/30/2014 Book
          Centre for International Peace & Stability (CIPS) Centre for International Peace & Stability (CIPS) General Stacks 01/06/2014   341.65 RPO 2010 CIPSD0000033 01/30/2014 01/30/2014 Book
          Centre for International Peace & Stability (CIPS) Centre for International Peace & Stability (CIPS) General Stacks 01/06/2014   341.65 RPO 2010 CIPSD0000034 01/30/2014 01/30/2014 Book
© 2023 Central Library, National University of Sciences and Technology. All Rights Reserved.